Psicología de la organización

Na minha lista:
Detalhes bibliográficos
Autor principal: Schein, Edgard H (Author)
Formato: Livro
Idioma:espanhol
Publicado em: Bogotá Prentice-Hall Internacional 1982
Edição:1a. ed
Assuntos:
Tags: Adicionar Tag
Sem tags, seja o primeiro a adicionar uma tag!

MARC

LEADER 00000cam a2200000 a 4500
001 UCW5308
003 CL-VaPUC
008 910401e19820000CK |||||||||||||||||spa|d
020 |a 9688800562 
082 0 4 |a 158.7  |b SCH  |2 21 
100 0 |a Schein, Edgard H  |e author  |9 310220 
245 1 0 |a Psicología de la organización 
250 |a 1a. ed 
300 |a 252 p 
942 |c BK 
945 |d 19910401 00:00:00  |a rbrito 
260 |a Bogotá  |b Prentice-Hall Internacional  |c 1982 
650 7 |a ORGANIZACION INDUSTRIAL ASPECTOS PSICOLOGICOS  |2 CL-VaPUC  |9 310221 
583 |a last modification  |c 20170814 10:28:18  |k Rodrigo Vera 
999 |c 218773  |d 218771 
952 |0 0  |1 0  |4 0  |6 158_700000000000000_SCH_1982  |7 0  |8 P  |9 208887  |a BIBEDU  |b BIBEDU  |c BIBEDU_PB  |d 2019-11-15  |i 2766957  |o 158.7 SCH 1982  |p 2766957  |r 2024-01-25  |w 2019-11-15  |y BK  |k EDU 
952 |0 0  |1 0  |4 0  |6 158_700000000000000_SCH_1982  |7 0  |8 P  |9 208888  |a BIBEDU  |b BIBEDU  |c BIBEDU_PB  |d 2019-11-15  |i 2766965  |o 158.7 SCH 1982  |p 2766965  |r 2024-01-25  |w 2019-11-15  |y BK  |k EDU 
952 |0 0  |1 0  |4 0  |6 158_700000000000000_SCH_1982  |7 0  |8 P  |9 208889  |a BIBEDU  |b BIBEDU  |c BIBEDU_PB  |d 2019-11-15  |i 154537K  |o 158.7 SCH 1982  |p 154537K  |r 2024-01-25  |w 2019-11-15  |y BK  |k EDU 
952 |0 0  |1 0  |4 0  |6 158_700000000000000_SCH_1982  |7 0  |8 P  |9 208894  |a BIBGIM  |b BIBGIM  |d 2019-11-15  |i 2950170  |o 158.7 SCH 1982  |p 2950170  |r 2025-01-15  |w 2019-11-15  |y BK  |k SSL 
952 |0 0  |1 0  |3 erb  |4 0  |6 158_700000000000000_SCH_1982  |7 0  |8 P  |9 208895  |a BIBEDU  |b BIBEDU  |c BIBEDU_PB  |i 5414903  |o 158.7 SCH 1982  |p 5414903  |r 2024-01-25  |w 2019-11-15  |y BK  |z Catalogado en:20170818  |k PSI